La Terra, l'aigua, l'aire, el foc i la ciutat : Terrassa - 1983 / guió: Àngel Arisó, Xavier Flotats, Enric Boada Terrassa - 1983 / guió:
Descripción Física:
33 p. : fot. ; 22 cm
Materias:
Medi ambient -- Terrassa -- Exposicions
MARC
| LEADER | 00000nam a2200000Ia 4500 | ||
|---|---|---|---|
| 001 | 21491 | ||
| 008 | 160829s1983 xx 000 0 cat d | ||
| 080 | |a FU-40-14 | ||
| 245 | |a La Terra, l'aigua, l'aire, el foc i la ciutat : |b Terrassa - 1983 / guió: |b Àngel Arisó, Xavier Flotats, Enric Boada | ||
| 260 | |a Terrassa : |b Ajuntament de Terrassa, |c 1983 | ||
| 300 | |a 33 p. : |b fot. ; |c 22 cm | ||
| 590 | |a Celebrat a la Sala d'Exposicions del Centre Cultural de la Caixa d'Estalvis de Terrassa del 18 al 31 de gener de 1983. | ||
| 590 | |a Prové de S-624, exp. 29 | ||
| 650 | |a Medi ambient |x Terrassa |x Exposicions |9 43593 | ||
| 700 | |a Arisó i Campà, Àngel |9 43594 | ||
| 700 | 1 | |a Flotats, Xavier |9 43595 | |
| 700 | |a Boada Altarriba, Enric |9 26814 | ||
| 710 | 1 | |a Terrassa (Catalunya). |b Ajuntament |9 51450 | |
| 901 | |a Arxiu | ||
| 942 | |n 1 | ||
| 952 | |0 0 |1 0 |4 0 |6 FU4014 |7 1 |9 51522 |a Arxiu |b Arxiu |d 2016-12-01 |l 0 |o FU-40-14 |p 21491 |r 2016-12-01 00:00:00 |w 2016-12-01 |y ARXIU | ||
| 999 | |c 55367 |d 55367 | ||